[Event "Cup of Lviv-2017 (A) Bank Lviv - open"]
[Site "Lviv"]
[Date "2017.05.08"]
[Round "8.5"]
[White "Borisenko, Viacheslav"]
[Black "Bogdanovich, Stanislav"]
[Result "0-1"]
[WhiteElo "2359"]
[BlackElo "2676"]
[PlyCount "184"]
[EventDate "2017.05.08"]
[EventType "swiss (rapid)"]
[EventRounds "13"]
[EventCountry "UKR"]

1. e4 c5 2. Nf3 g6 3. c3 Bg7 4. d4 cxd4 5. cxd4 d5 6. exd5 Nf6 7. Bb5+ Nbd7 8.
d6 exd6 9. Qe2+ Kf8 10. O-O Nb6 11. Re1 h6 12. Nc3 Kg8 13. Qe7 Qxe7 14. Rxe7
Nbd5 15. Re2 Kh7 16. Bd2 Be6 17. Ba4 Nxc3 18. bxc3 Rac8 19. Bb3 Bd5 20. Rae1
Rc7 21. h3 Rhc8 22. Re7 Rxe7 23. Rxe7 Bf8 24. Re1 Bc4 25. Nh2 Kg7 26. Ng4 Nxg4
27. hxg4 b6 28. Bxc4 Rxc4 29. Re8 g5 30. a3 Ra4 31. Bc1 d5 32. Rd8 Bxa3 33. Bd2
Bb2 34. Rxd5 Ra1+ 35. Kh2 Rd1 36. Be3 Bxc3 37. Rd7 a5 38. Rb7 Bxd4 39. Bxd4+
Rxd4 40. Rxb6 Rxg4 41. Ra6 Ra4 42. f3 h5 43. Kh3 Ra1 44. Kh2 a4 45. Kg3 f6 46.
Kh2 a3 47. Ra7+ Kg6 48. Ra5 h4 49. Ra8 a2 50. Ra5 f5 51. Ra6+ Kf7 52. Ra7+ Ke6
53. Ra5 f4 54. Ra8 Kd5 55. Ra4 Kc5 56. Ra8 Kb6 57. Ra3 Kb7 58. Rb3+ Ka8 59.
Ra3+ Kb8 60. Rb3+ Kc8 61. Rc3+ Kd8 62. Ra3 Ke8 63. Ra7 Kf8 64. Ra8+ Kg7 65. Ra6
Kh7 66. Ra7+ Kh6 67. Ra6+ Kg7 68. Ra7+ Kg6 69. Ra6+ Kf7 70. Ra7+ Kf6 71. Ra5
Ke7 72. Ra6 Kd7 73. Ra7+ Kd6 74. Ra5 Kc7 75. Ra8 Kc6 76. Ra3 Kb5 77. Ra8 Kb4
78. Rb8+ Kc4 79. Rc8+ Kd4 80. Rd8+ Kc3 81. Rc8+ Kb3 82. Rb8+ Ka3 83. Ra8+ Kb2
84. Rb8+ Kc2 85. Rc8+ Kd3 86. Rd8+ Ke2 87. Re8+ Kf2 88. Ra8 h3 89. gxh3 Kxf3
90. Ra3+ Ke2 91. Ra7 Kf1 92. Ra3 Re1 0-1

[Event "Cup of Lviv-2017 (A) Bank Lviv - open"]
[Site "Lviv"]
[Date "2017.05.08"]
[Round "8.6"]
[White "Mirzoev, Emil"]
[Black "Sumets, Andrey"]
[Result "1-0"]
[WhiteElo "2474"]
[BlackElo "2506"]
[PlyCount "115"]
[EventDate "2017.05.08"]
[EventType "swiss (rapid)"]
[EventRounds "13"]
[EventCountry "UKR"]

1. d4 Nf6 2. c4 e6 3. Nc3 Bb4 4. a3 Bxc3+ 5. bxc3 c5 6. f3 d5 7. cxd5 exd5 8.
e3 O-O 9. Bd3 b6 10. Ne2 Ba6 11. O-O Bxd3 12. Qxd3 Nc6 13. Ng3 Re8 14. Bb2 Rc8
15. Rae1 Re6 16. e4 dxe4 17. fxe4 Ne5 18. Qe2 cxd4 19. cxd4 Nc4 20. Ba1 b5 21.
Qf2 Rc7 22. d5 Ra6 23. Nf5 Ne8 24. h4 Nxa3 25. Be5 Rd7 26. h5 Nc4 27. Bd4 f6
28. h6 g6 29. Qg3 Rf7 30. Nh4 Qc7 31. Qg4 Qd7 32. Qg3 Ra3 33. Qb8 Rf8 34. Qh2
Rd3 35. Ba1 Re3 36. Rd1 Rxe4 37. Rd3 Re3 38. Rd4 Qd6 39. Rdf4 Re2 40. Qg3 Re3
41. Qg4 Ne5 42. Qd1 Qd7 43. Qd4 Rd3 44. Qxe5 Rxd5 45. Qe4 g5 46. Rf5 Rd1 47.
Rxd1 Qxd1+ 48. Rf1 Qd7 49. Nf5 Nc7 50. Qf3 Ne6 51. Ne3 Nf4 52. g3 Ng6 53. Ng4
f5 54. Nf6+ Rxf6 55. Bxf6 f4 56. Bxg5 Qd4+ 57. Kh1 Ne5 58. Qa8+ 1-0

[Event "Cup of Lviv-2017 (A) Bank Lviv - open"]
[Site "Lviv"]
[Date "2017.05.08"]
[Round "8.9"]
[White "Shkuran, Daniil"]
[Black "Vovk, Yuri"]
[Result "1/2-1/2"]
[WhiteElo "2407"]
[BlackElo "2532"]
[PlyCount "127"]
[EventDate "2017.05.08"]
[EventType "swiss (rapid)"]
[EventRounds "13"]
[EventCountry "UKR"]

1. e4 c5 2. Nf3 d6 3. d4 cxd4 4. Nxd4 Nf6 5. Nc3 a6 6. g3 e5 7. Nde2 Be7 8. a4
b6 9. Bg2 Bb7 10. h3 h5 11. O-O Nbd7 12. Nd5 Nxd5 13. exd5 h4 14. g4 Rc8 15. c3
O-O 16. f4 Re8 17. fxe5 Nxe5 18. Nd4 Bg5 19. Nc6 Bxc6 20. dxc6 Bxc1 21. Rxc1
Nxc6 22. Bxc6 Rxc6 23. Rxf7 Qg5 24. Rf3 Rc5 25. Qb3+ d5 26. Rcf1 b5 27. axb5
Rxb5 28. Qc2 Qe5 29. Qf2 Qb8 30. b4 Qb6 31. Qxb6 Rxb6 32. Rd3 Re5 33. Rf5 Rxf5
34. gxf5 Rb5 35. Rd4 a5 36. bxa5 Rxa5 37. Rxh4 Rc5 38. Rd4 Kf7 39. Rd3 Kf6 40.
Rg3 Kxf5 41. Kf2 g5 42. Ke2 Rc4 43. Kd3 Rh4 44. Rf3+ Ke5 45. Re3+ Kf5 46. Rf3+
Kg6 47. Rg3 Rf4 48. Re3 Kh5 49. Re5 Rf3+ 50. Kd4 Rxh3 51. Rxd5 Kh4 52. Rd8 g4
53. Rh8+ Kg3 54. Rg8 Kf3 55. c4 g3 56. Rf8+ Kg2 57. c5 Rh4+ 58. Kd5 Kh2 59. Rg8
g2 60. Rxg2+ Kxg2 61. c6 Kf3 62. c7 Rh8 63. Kc6 Ke4 64. Kb7 1/2-1/2

[Event "Cup of Lviv-2017 (A) Bank Lviv - open"]
[Site "Lviv"]
[Date "2017.05.08"]
[Round "8.10"]
[White "Sergeev, Vladimir"]
[Black "Matviishen, Viktor"]
[Result "1/2-1/2"]
[WhiteElo "2526"]
[BlackElo "2395"]
[PlyCount "182"]
[EventDate "2017.05.08"]
[EventType "swiss (rapid)"]
[EventRounds "13"]
[EventCountry "UKR"]

1. Nf3 Nf6 2. d4 e6 3. Bf4 b6 4. e3 Bb7 5. Bd3 c5 6. O-O Nc6 7. c3 d5 8. Ne5
Nxe5 9. Bxe5 Qd7 10. Qe2 Be7 11. Nd2 O-O 12. Rfd1 Rac8 13. e4 cxd4 14. Bxd4
dxe4 15. Nxe4 Nxe4 16. Bxe4 Bxe4 17. Qxe4 Qb5 18. b4 Qc4 19. Qe3 Rfd8 20. a4
Rd5 21. a5 bxa5 22. Rxa5 Rxa5 23. bxa5 a6 24. h3 Qa4 25. Rb1 Qxa5 26. Rb7 Bd6
27. g3 Qd5 28. Rd7 Rb8 29. Kh2 h6 30. c4 Qc6 31. Rxd6 Qxd6 32. Be5 Qb4 33. Bxb8
Qxb8 34. Qc5 Qb2 35. Kg2 Qb7+ 36. Kg1 Qb1+ 37. Kg2 Qe4+ 38. Kg1 a5 39. Qc8+ Kh7
40. c5 a4 41. Qa6 Qe1+ 42. Kg2 Qe4+ 43. Kg1 Qc2 44. c6 a3 45. Qxa3 Qxc6 46.
Qd3+ f5 47. h4 Kg6 48. Qd4 Qd5 49. h5+ Kf7 50. Qa7+ Kf6 51. Qa1+ Qe5 52. Qd1
Qd5 53. Qa1+ Qe5 54. Qd1 Qd5 55. Qa1+ e5 56. Qa6+ Qe6 57. Qb7 e4 58. Qb2+ Kf7
59. Qb7+ Kg8 60. Qa7 Qf7 61. Qa8+ Kh7 62. g4 Qf6 63. gxf5 Qxf5 64. Qe8 Qg5+ 65.
Kf1 Qf5 66. Ke1 Qg4 67. Kf1 Qh3+ 68. Ke1 Qh1+ 69. Kd2 Qg2 70. Ke2 Qf3+ 71. Ke1
Qg4 72. Kd2 Qg5+ 73. Ke2 Qf5 74. Ke1 Qg4 75. Kd2 Qg2 76. Ke2 Qg4+ 77. Ke1 Qf5
78. Ke2 Qg4+ 79. Ke1 Qf5 80. Ke2 Qf3+ 81. Ke1 Qc3+ 82. Kf1 Qc1+ 83. Ke2 Qc2+
84. Ke1 Qc3+ 85. Ke2 Qd3+ 86. Ke1 Qb1+ 87. Ke2 Qb2+ 88. Ke1 Qb4+ 89. Ke2 Qc4+
90. Ke1 Qb4+ 91. Ke2 Qb2+ 1/2-1/2

[Event "Cup of Lviv-2017 (A) Bank Lviv - open"]
[Site "Lviv"]
[Date "2017.05.08"]
[Round "8.11"]
[White "Bakhmatsky, Vladislav"]
[Black "Oleksiyenko, Mykhaylo"]
[Result "1/2-1/2"]
[WhiteElo "2307"]
[BlackElo "2521"]
[PlyCount "82"]
[EventDate "2017.05.08"]
[EventType "swiss (rapid)"]
[EventRounds "13"]
[EventCountry "UKR"]

1. e4 e5 2. Nf3 Nc6 3. Bb5 Nf6 4. d3 Bc5 5. Bxc6 dxc6 6. Nbd2 Be6 7. Nb3 Bd6 8.
Bd2 Nd7 9. Ng5 Bxb3 10. axb3 Qe7 11. O-O f6 12. Nf3 c5 13. Nh4 g6 14. g3 a6 15.
Ng2 O-O-O 16. f4 exf4 17. Nxf4 Bxf4 18. Bxf4 h5 19. Qe1 g5 20. Bd2 h4 21. g4 h3
22. Bc3 Rh4 23. Qe2 Ne5 24. Bxe5 Qxe5 25. Rab1 Qd4+ 26. Kh1 Rd6 27. Rf5 b6 28.
Qf3 Kb8 29. e5 fxe5 30. Rxg5 Rh8 31. Rf5 Rdd8 32. Qe2 Rdg8 33. g5 Rh4 34. Qxe5
Qd7 35. Rbf1 Rd8 36. Qg3 Rhh8 37. Rf7 Qd5+ 38. Kg1 Qd4+ 39. Kh1 Qd5+ 40. Kg1
Qd4+ 41. Kh1 Qd5+ 1/2-1/2

[Event "Cup of Lviv-2017 (A) Bank Lviv - open"]
[Site "Lviv"]
[Date "2017.05.09"]
[Round "9.1"]
[White "Kravtsiv, Martyn"]
[Black "Bernadskiy, Vitaliy"]
[Result "0-1"]
[WhiteElo "2590"]
[BlackElo "2679"]
[PlyCount "70"]
[EventDate "2017.05.08"]
[EventType "swiss (rapid)"]
[EventRounds "13"]
[EventCountry "UKR"]

1. e4 Nf6 2. Nc3 e5 3. Nf3 Bb4 4. d3 d5 5. Bd2 d4 6. Ne2 Qe7 7. Ng3 h5 8. h4
Bxd2+ 9. Qxd2 Ng4 10. Be2 c5 11. Ng5 f6 12. Nf3 Nc6 13. Nh2 Nxh2 14. Rxh2 g6
15. f3 Be6 16. Nh1 O-O-O 17. Nf2 b6 18. a3 Kb7 19. g3 g5 20. f4 exf4 21. gxf4
g4 22. Nh1 f5 23. Ng3 fxe4 24. dxe4 c4 25. e5 d3 26. cxd3 cxd3 27. Bd1 Qc5 28.
Rf2 Nxe5 29. fxe5 Qxe5+ 30. Ne2 g3 31. Rf3 dxe2 32. Qxe2 Rxd1+ 33. Rxd1 Qxe2+
34. Kxe2 Bg4 35. Rdf1 g2 0-1

[Event "Cup of Lviv-2017 (A) Bank Lviv - open"]
[Site "Lviv"]
[Date "2017.05.09"]
[Round "9.6"]
[White "Fedorov, Alexei"]
[Black "Oros, Robert"]
[Result "1/2-1/2"]
[WhiteElo "2623"]
[BlackElo "2297"]
[PlyCount "60"]
[EventDate "2017.05.08"]
[EventType "swiss (rapid)"]
[EventRounds "13"]
[EventCountry "UKR"]

1. e4 e5 2. Nf3 Nc6 3. Bc4 Be7 4. d4 d6 5. c3 Nf6 6. Nbd2 O-O 7. d5 Nb8 8. O-O
c6 9. dxc6 bxc6 10. Bd3 Nbd7 11. b4 a5 12. Bb2 Ba6 13. Bxa6 Rxa6 14. a3 Qa8 15.
Re1 Rb8 16. Nc4 axb4 17. cxb4 c5 18. Qd3 cxb4 19. axb4 Rxb4 20. Ncxe5 Rxa1 21.
Rxa1 Qxe4 22. Qxe4 Rxe4 23. Nc6 Bf8 24. Kf1 Re8 25. Nfd4 Ne5 26. Nxe5 dxe5 27.
Nc6 Bd6 28. Re1 Nh5 29. Bxe5 Bxe5 30. Rxe5 Rxe5 1/2-1/2

[Event "Cup of Lviv-2017 (A) Bank Lviv - open"]
[Site "Lviv"]
[Date "2017.05.09"]
[Round "9.7"]
[White "Roshka, Yevgeniy"]
[Black "Sivuk, Vitaliy"]
[Result "1-0"]
[WhiteElo "2214"]
[BlackElo "2533"]
[PlyCount "193"]
[EventDate "2017.05.08"]
[EventType "swiss (rapid)"]
[EventRounds "13"]
[EventCountry "UKR"]

1. Nf3 Nf6 2. g3 c5 3. Bg2 g6 4. O-O Bg7 5. d3 d5 6. Nbd2 Nc6 7. e4 O-O 8. Re1
e5 9. exd5 Nxd5 10. Nc4 f6 11. Nfd2 Be6 12. Ne4 b6 13. c3 Qd7 14. Qb3 Rad8 15.
a4 Nde7 16. Bf1 Kh8 17. a5 Nxa5 18. Rxa5 bxa5 19. Nxc5 Qc8 20. Nxe6 Qxe6 21.
Be3 Nc6 22. Bc5 Rfe8 23. Qa4 Bf8 24. Be3 Rb8 25. Bg2 Rec8 26. Re2 Qe8 27. Rd2
Qe6 28. Nxa5 Nxa5 29. Qxa5 a6 30. h4 Rb5 31. Qa4 Bc5 32. Bxc5 Rcxc5 33. c4 Rb8
34. b4 Rc7 35. Bd5 Qb6 36. Ra2 Qxb4 37. Qxa6 Qb6 38. Qa3 Kg7 39. Kg2 h5 40. Qa4
Qb3 41. Qa5 Qb6 42. Qa4 Rd8 43. Qa3 Qc5 44. Qa6 Rb8 45. Qa4 f5 46. Qa6 Re7 47.
Re2 Rbe8 48. Rb2 Qa7 49. Qd6 Rd7 50. Qc6 Qc7 51. Qa6 Rd6 52. Qa4 Re7 53. Qa8
Rd8 54. Qa6 Qa7 55. Qc6 Qd7 56. Qa6 e4 57. dxe4 fxe4 58. Rb6 Qf5 59. Rb7 Rde8
60. Qa1+ Kh7 61. Rxe7+ Rxe7 62. Qa8 Qe5 63. Qg8+ Kh6 64. Qf8+ Qg7 65. Qf4+ Kh7
66. Bxe4 Qe5 67. Qxe5 Rxe5 68. Kf3 Kg7 69. Ke3 Kf6 70. Kd4 Ra5 71. c5 Ra2 72.
Ke3 Ra1 73. c6 Rc1 74. Kf4 Rc4 75. f3 Rc3 76. g4 hxg4 77. fxg4 Rc4 78. h5 g5+
79. Ke3 Ke5 80. Bg2 Rc3+ 81. Kf2 Rc2+ 82. Kg3 Rc3+ 83. Bf3 Rc2 84. h6 Kf6 85.
h7 Kg7 86. Be4 Rc3+ 87. Kf2 Kh8 88. Ke2 Kg7 89. Kd2 Rc4 90. Kd3 Rc1 91. Kd4
Rd1+ 92. Ke5 Rc1 93. Kd6 Rd1+ 94. Kc7 Re1 95. Bf5 Rd1 96. Kb7 Rb1+ 97. Bxb1 1-0

[Event "Cup of Lviv-2017 (A) Bank Lviv - open"]
[Site "Lviv"]
[Date "2017.05.09"]
[Round "9.10"]
[White "Vetoshko, Volodymyr"]
[Black "Sergeev, Vladimir"]
[Result "1/2-1/2"]
[WhiteElo "2385"]
[BlackElo "2526"]
[PlyCount "78"]
[EventDate "2017.05.08"]
[EventType "swiss (rapid)"]
[EventRounds "13"]
[EventCountry "UKR"]

1. e4 d5 2. exd5 Qxd5 3. Nc3 Qa5 4. d4 c6 5. Bc4 Nf6 6. Nge2 Bf5 7. O-O e6 8.
Ng3 Bg6 9. f4 Be7 10. Qe2 b5 11. Bb3 b4 12. Na4 Qd8 13. Be3 Nbd7 14. f5 exf5
15. Nxf5 O-O 16. Qf3 Bxf5 17. Qxf5 Qc7 18. Nc5 Nxc5 19. dxc5 Rad8 20. Rad1 a5
21. h3 Rxd1 22. Rxd1 Rd8 23. Rxd8+ Qxd8 24. Ba4 Nd5 25. Bf2 Qc7 26. Qf3 Bf6 27.
Qe2 Ne7 28. Qe4 g6 29. Bd4 Kg7 30. Bxf6+ Kxf6 31. Qh4+ Kg7 32. Qd4+ Kf8 33. Bb3
Ng8 34. Bc4 h5 35. c3 bxc3 36. Qxc3 Nh6 37. Qh8+ Ng8 38. Qd4 Nh6 39. Qh8+ Ng8
1/2-1/2

[Event "Cup of Lviv-2017 (A) Bank Lviv - open"]
[Site "Lviv"]
[Date "2017.05.09"]
[Round "9.12"]
[White "Matviishen, Viktor"]
[Black "Gritsak, Orest"]
[Result "1/2-1/2"]
[WhiteElo "2395"]
[BlackElo "2513"]
[PlyCount "58"]
[EventDate "2017.05.08"]
[EventType "swiss (rapid)"]
[EventRounds "13"]
[EventCountry "UKR"]

1. e4 c5 2. Nf3 d6 3. d4 cxd4 4. Nxd4 Nf6 5. f3 Nc6 6. c4 e6 7. Nc3 Be7 8. Be3
O-O 9. Qd2 d5 10. cxd5 exd5 11. Nxc6 bxc6 12. exd5 Nxd5 13. Nxd5 cxd5 14. Be2
Bh4+ 15. g3 Bf6 16. Bd4 a5 17. O-O Ba6 18. Bxa6 Rxa6 19. Rac1 a4 20. Rfd1 Re8
21. Bxf6 Qxf6 22. Qxd5 Qxb2 23. Qd7 Rae6 24. Rc8 Qe2 25. Rxe8+ Rxe8 26. Qxa4
Qe3+ 27. Kg2 Qe2+ 28. Kg1 Qe3+ 29. Kg2 Qe2+ 1/2-1/2

[Event "Cup of Lviv-2017 (A) Bank Lviv - open"]
[Site "Lviv"]
[Date "2017.05.09"]
[Round "10.2"]
[White "Bernadskiy, Vitaliy"]
[Black "Onischuk, Vladimir"]
[Result "1/2-1/2"]
[WhiteElo "2679"]
[BlackElo "2715"]
[PlyCount "119"]
[EventDate "2017.05.08"]
[EventType "swiss (rapid)"]
[EventRounds "13"]
[EventCountry "UKR"]

1. Nf3 g6 2. g3 Bg7 3. d4 Nf6 4. Bg2 O-O 5. c4 d6 6. O-O Nc6 7. Nc3 e5 8. dxe5
dxe5 9. Bg5 Be6 10. Nd5 Bxd5 11. Bxf6 Qxf6 12. cxd5 Ne7 13. Nd2 Rfd8 14. Qb3
Qb6 15. Rfd1 Nf5 16. e3 Nd6 17. Rac1 Rd7 18. Rc2 f5 19. Nc4 Qxb3 20. axb3 e4
21. Nxd6 cxd6 22. Rdc1 Kf7 23. b4 Bf6 24. Bf1 Bd8 25. h4 Kf6 26. Rc8 Rxc8 27.
Rxc8 a6 28. b5 a5 29. b3 Bb6 30. Re8 Kf7 31. Rh8 Kg7 32. Rc8 Kf6 33. Re8 Bc5
34. Ra8 b6 35. Rc8 h6 36. Kg2 g5 37. h5 Rf7 38. Rg8 Ke7 39. Be2 f4 40. gxf4
gxf4 41. Bg4 fxe3 42. fxe3 Bxe3 43. Rg6 Rf6 44. Be6 Rf2+ 45. Kg3 Rf1 46. Rg7+
Ke8 47. Rg8+ Rf8 48. Rxf8+ Kxf8 49. Bf5 Ke7 50. Bxe4 Kf6 51. Kf3 Bg5 52. Ke2
Ke5 53. Kd3 Kf4 54. Bg6 Bf6 55. Bf7 Kf3 56. Bg6 Kf2 57. Kd2 Bg5+ 58. Kd3 Ke1
59. Kc4 Kd2 60. Be8 1/2-1/2

[Event "Cup of Lviv-2017 (A) Bank Lviv - open"]
[Site "Lviv"]
[Date "2017.05.09"]
[Round "10.8"]
[White "Mirzoev, Emil"]
[Black "Oleksiyenko, Mykhaylo"]
[Result "0-1"]
[WhiteElo "2474"]
[BlackElo "2521"]
[PlyCount "96"]
[EventDate "2017.05.08"]
[EventType "swiss (rapid)"]
[EventRounds "13"]
[EventCountry "UKR"]

1. d4 d5 2. c4 e6 3. Nc3 Be7 4. cxd5 exd5 5. g3 Nf6 6. Bg2 O-O 7. e3 c6 8. Nge2
a5 9. O-O Na6 10. Qc2 Re8 11. a3 Bf8 12. Bd2 Nc7 13. Rad1 Ne6 14. Bc1 Ng5 15.
f3 h6 16. e4 dxe4 17. fxe4 c5 18. e5 Ng4 19. h3 cxd4 20. hxg4 Bxg4 21. Bxg5
Qxg5 22. Nb5 Rxe5 23. Nbxd4 Bc5 24. Bf3 Bh3 25. Rf2 Rd8 26. Kh2 Qe3 27. Ng1 Bd7
28. Re2 Qg5 29. Rxe5 Qxe5 30. Nde2 Bd6 31. Qe4 Qf6 32. Qxb7 Bc8 33. Qc6 Qe7 34.
Kg2 Bd7 35. Qe4 Qf6 36. Qd4 Be5 37. Qc4 Bh3+ 38. Nxh3 Rxd1 39. b4 axb4 40. axb4
Rd2 41. b5 Rb2 42. Nhf4 Bxf4 43. gxf4 g6 44. Bc6 h5 45. Kf3 Qf5 46. Ke3 h4 47.
Qd4 Qe6+ 48. Kf3 Qxe2# 0-1

[Event "Cup of Lviv-2017 (A) Bank Lviv - open"]
[Site "Lviv"]
[Date "2017.05.09"]
[Round "10.10"]
[White "Sivuk, Vitaliy"]
[Black "Mischuk, Dmitry"]
[Result "1/2-1/2"]
[WhiteElo "2533"]
[BlackElo "2429"]
[PlyCount "184"]
[EventDate "2017.05.08"]
[EventType "swiss (rapid)"]
[EventRounds "13"]
[EventCountry "UKR"]

1. d4 Nf6 2. c4 g6 3. Nc3 d5 4. Bg5 Bg7 5. Bxf6 Bxf6 6. cxd5 c5 7. dxc5 Nd7 8.
e4 O-O 9. Bc4 Nxc5 10. Nge2 Qb6 11. Qc2 Bg4 12. O-O Rac8 13. Rac1 Qb4 14. b3
Bxe2 15. Nxe2 Nd7 16. Qb1 Ne5 17. Ng3 h5 18. Rfd1 h4 19. Nf1 h3 20. Be2 hxg2
21. Kxg2 Bg5 22. Rxc8 Rxc8 23. Ng3 Rc3 24. Qb2 Bf6 25. Qd2 Qc5 26. Qh6 Nd7 27.
Rd3 Rc2 28. Rd2 Bg7 29. Qg5 Nf6 30. Rxc2 Qxc2 31. Bf3 Qc5 32. h4 Nh7 33. Qf4
Bd4 34. h5 Bxf2 35. hxg6 fxg6 36. Qg4 Nf8 37. Nf5 Be3 38. Nxe3 Qxe3 39. Qg3 Qc3
40. e5 Qd2+ 41. Kh3 Kg7 42. Be4 Qh6+ 43. Kg2 Qd2+ 44. Kh3 Qd4 45. Qf4 Nh7 46.
Kg2 Qb2+ 47. Kg3 Qc3+ 48. Bf3 Qd3 49. d6 exd6 50. exd6 Nf6 51. Qe5 Qf5 52. Qxf5
gxf5 53. Bxb7 Kf7 54. Bc8 Ne4+ 55. Kf4 Nxd6 56. Bxf5 Kf6 57. Bh3 Nb5 58. Bf1
Nd6 59. Bc4 Ke7 60. Ke5 Kd7 61. Kd5 Kc7 62. Kc5 Ne4+ 63. Kd4 Nd6 64. Kd5 Nc8
65. Kc5 Nd6 66. Bd3 Nc8 67. Kb5 Nb6 68. Be4 Nd7 69. b4 Nb6 70. a4 Nd7 71. a5
Ne5 72. Bd5 Nd7 73. Ka6 Kb8 74. Be6 Ne5 75. Bh3 Nd3 76. Kb5 Ne5 77. Bf5 Kc7 78.
Kc5 Nc6 79. Be4 Ne5 80. Kb5 Nf7 81. Ka6 Kb8 82. b5 Nd6 83. Bd5 Ne8 84. b6 axb6
85. Kxb6 Nd6 86. Be6 Nc8+ 87. Kc6 Na7+ 88. Kb6 Nc8+ 89. Kc5 Kb7 90. Bxc8+ Kxc8
91. a6 Kb8 92. a7+ Kxa7 1/2-1/2

[Event "Cup of Lviv-2017 (A) Bank Lviv - open"]
[Site "Lviv"]
[Date "2017.05.09"]
[Round "11.1"]
[White "Mamedov, Rauf"]
[Black "Kuzubov, Yuriy"]
[Result "1/2-1/2"]
[WhiteElo "2705"]
[BlackElo "2564"]
[PlyCount "36"]
[EventDate "2017.05.08"]
[EventType "swiss (rapid)"]
[EventRounds "13"]
[EventCountry "UKR"]

1. e4 e5 2. Nf3 Nf6 3. Nxe5 d6 4. Nc4 Nxe4 5. Nc3 Nxc3 6. dxc3 d5 7. Ne3 c6 8.
Qd4 Nd7 9. c4 Qf6 10. Qxf6 Nxf6 11. cxd5 cxd5 12. Bd2 Bc5 13. O-O-O O-O 14. Bc3
Ne4 15. Bd4 Bxd4 16. Rxd4 Nxf2 17. Rg1 Re8 18. Rxd5 g6 1/2-1/2

[Event "Cup of Lviv-2017 (A) Bank Lviv - open"]
[Site "Lviv"]
[Date "2017.05.09"]
[Round "11.3"]
[White "Fedorov, Alexei"]
[Black "Bernadskiy, Vitaliy"]
[Result "1/2-1/2"]
[WhiteElo "2623"]
[BlackElo "2679"]
[PlyCount "69"]
[EventDate "2017.05.08"]
[EventType "swiss (rapid)"]
[EventRounds "13"]
[EventCountry "UKR"]

1. e4 Nf6 2. d3 e5 3. Nf3 Nc6 4. g3 g6 5. Bg2 Bg7 6. O-O O-O 7. Nbd2 Re8 8. c3
d5 9. b4 a6 10. Bb2 h6 11. Qc2 Bg4 12. a3 Qd7 13. exd5 Nxd5 14. c4 Nb6 15. Ne4
Rad8 16. Nc5 Qc8 17. b5 axb5 18. cxb5 Nb8 19. Rfe1 N8d7 20. Nxd7 Nxd7 21. Rac1
b6 22. d4 Bxf3 23. Bxf3 exd4 24. Rxe8+ Rxe8 25. Qxc7 Qxc7 26. Rxc7 Ne5 27. Bd5
Rd8 28. Bb3 Rd7 29. Rxd7 Nxd7 30. Kf1 Nc5 31. Bc4 Kf8 32. Bc1 g5 33. h4 f6 34.
hxg5 fxg5 35. Ke2 1/2-1/2

[Event "Cup of Lviv-2017 (A) Bank Lviv - open"]
[Site "Lviv"]
[Date "2017.05.09"]
[Round "11.8"]
[White "Solovchuk, Alexey"]
[Black "Kislinsky, Alexey"]
[Result "1/2-1/2"]
[WhiteElo "2483"]
[BlackElo "2455"]
[PlyCount "138"]
[EventDate "2017.05.08"]
[EventType "swiss (rapid)"]
[EventRounds "13"]
[EventCountry "UKR"]

1. d4 Nf6 2. Nf3 c5 3. d5 e6 4. c4 d6 5. Nc3 g6 6. e4 Bg7 7. Be2 exd5 8. exd5
O-O 9. h3 Re8 10. O-O Ne4 11. Nxe4 Rxe4 12. Bd3 Re8 13. Bg5 Qb6 14. Rb1 Nd7 15.
Re1 Rxe1+ 16. Qxe1 Ne5 17. Nxe5 Bxe5 18. f4 Bd4+ 19. Kh1 Bd7 20. f5 Re8 21. Qh4
Bxf5 22. Bxf5 gxf5 23. Bf6 Bxf6 24. Qxf6 Qd8 25. Qxf5 Re5 26. Qf3 Qg5 27. Rf1
f5 28. Kh2 h5 29. Qg3 Qxg3+ 30. Kxg3 Kg7 31. Kf2 Re4 32. Re1 Rxc4 33. Re7+ Kf6
34. Rxb7 Ra4 35. a3 Ke5 36. Rf7 a5 37. Kf3 Rf4+ 38. Ke3 Re4+ 39. Kf3 Rd4 40.
Rh7 h4 41. Rh5 a4 42. Ke3 Kxd5 43. Rxf5+ Kc4 44. Rf2 Rd3+ 45. Kf4 Rg3 46. Rc2+
Kb5 47. Rd2 Kc6 48. Ke4 Rg8 49. Kf4 d5 50. g4 hxg3 51. Rg2 d4 52. Rxg3 Rxg3 53.
Kxg3 Kd5 54. Kf3 d3 55. h4 c4 56. Ke3 Ke5 57. Kd2 Kf5 58. Kc3 Kg4 59. b4 cxb3
60. Kxd3 Kxh4 61. Kc3 Kg3 62. Kb2 Kf2 63. Kb1 Ke3 64. Kb2 Kd2 65. Kb1 Kd3 66.
Kb2 Kc4 67. Kb1 Kc3 68. Kc1 b2+ 69. Kb1 Kb3 1/2-1/2

[Event "Cup of Lviv-2017 (A) Bank Lviv - open"]
[Site "Lviv"]
[Date "2017.05.09"]
[Round "12.1"]
[White "Kuzubov, Yuriy"]
[Black "Oleksiyenko, Mykhaylo"]
[Result "1/2-1/2"]
[WhiteElo "2564"]
[BlackElo "2521"]
[PlyCount "31"]
[EventDate "2017.05.08"]
[EventType "swiss (rapid)"]
[EventRounds "13"]
[EventCountry "UKR"]

1. d4 d5 2. c4 e6 3. Nf3 Nf6 4. g3 Bb4+ 5. Bd2 Be7 6. Bg2 O-O 7. O-O c6 8. Qc2
Nbd7 9. Rd1 Ne4 10. Be1 f5 11. b4 Nb6 12. Ne5 Nd7 13. Nd3 Nb6 14. Ne5 Nd7 15.
Nd3 Nb6 16. Ne5 1/2-1/2

[Event "Cup of Lviv-2017 (A) Bank Lviv - open"]
[Site "Lviv"]
[Date "2017.05.09"]
[Round "12.4"]
[White "Zubov, Alexander"]
[Black "Vetoshko, Volodymyr"]
[Result "1/2-1/2"]
[WhiteElo "2643"]
[BlackElo "2385"]
[PlyCount "169"]
[EventDate "2017.05.08"]
[EventType "swiss (rapid)"]
[EventRounds "13"]
[EventCountry "UKR"]

1. d4 d5 2. c4 e6 3. Nf3 Nf6 4. e3 c5 5. cxd5 exd5 6. Bb5+ Bd7 7. Bxd7+ Nbxd7
8. dxc5 Nxc5 9. O-O Be7 10. b3 O-O 11. Nc3 Rc8 12. Bb2 Qd6 13. Qe2 Nce4 14.
Rac1 Nxc3 15. Bxc3 Ne4 16. Bb2 Bf6 17. Bxf6 Qxf6 18. Nd4 a6 19. Rc2 Rxc2 20.
Qxc2 g6 21. h3 h5 22. Rd1 Rd8 23. Nf3 Qc3 24. Qe2 Qa5 25. Rc1 Nd6 26. Qb2 Rc8
27. Rxc8+ Nxc8 28. Qe5 Qc5 29. Qb8 Qc1+ 30. Kh2 Qc6 31. Ne5 Qe6 32. f4 b5 33.
Qc7 Nd6 34. Nf3 Nf5 35. Ng5 Qe7 36. Qxe7 Nxe7 37. Kg3 Kf8 38. Kf3 Nc6 39. e4
dxe4+ 40. Nxe4 Ke7 41. Ke3 Nb4 42. a4 bxa4 43. bxa4 Nd5+ 44. Kf3 a5 45. Nc5 Nc3
46. g4 hxg4+ 47. hxg4 f5 48. g5 Nd5 49. Nb3 Nc3 50. Nxa5 Nxa4 51. Nc4 Kf7 52.
Ke3 Nc5 53. Kd4 Ne6+ 54. Ke5 Nc5 55. Kd5 Nb3 56. Nd6+ Ke7 57. Nc4 Kf7 58. Nd6+
Ke7 59. Ke5 Nc1 60. Nc8+ Kf7 61. Kd4 Ne2+ 62. Ke3 Nc3 63. Nd6+ Ke6 64. Nc4 Nd5+
65. Kf3 Kf7 66. Ne5+ Kg7 67. Nd3 Kf7 68. Ke2 Kg7 69. Kd2 Kf7 70. Kc2 Kg7 71.
Kb3 Kf7 72. Kc4 Ne3+ 73. Kd4 Ng2 74. Ke5 Ne3 75. Nb4 Nc4+ 76. Kd4 Nd6 77. Nc6
Ne4 78. Ne5+ Kg7 79. Nc4 Kf7 80. Kd5 Kg7 81. Nd6 Nc3+ 82. Ke5 Ne2 83. Nb5 Kf7
84. Nd4 Nc1 85. Ne6 1/2-1/2

[Event "Cup of Lviv-2017 (A) Bank Lviv - open"]
[Site "Lviv"]
[Date "2017.05.09"]
[Round "12.5"]
[White "Kravtsiv, Martyn"]
[Black "Fedorov, Alexei"]
[Result "1/2-1/2"]
[WhiteElo "2590"]
[BlackElo "2623"]
[PlyCount "92"]
[EventDate "2017.05.08"]
[EventType "swiss (rapid)"]
[EventRounds "13"]
[EventCountry "UKR"]

1. e4 c5 2. Nf3 Nc6 3. d4 cxd4 4. Nxd4 Qb6 5. Nb3 Nf6 6. Nc3 e6 7. Be3 Qc7 8.
f4 Bb4 9. Bd3 Bxc3+ 10. bxc3 d6 11. O-O e5 12. f5 Nb8 13. Qf3 Nbd7 14. Qg3 b6
15. a4 Bb7 16. a5 Rg8 17. axb6 axb6 18. Rxa8+ Bxa8 19. Ra1 Ke7 20. Qh4 Bc6 21.
Nd2 Ra8 22. Rb1 Ra4 23. c4 Qa7 24. Nb3 Qa8 25. g4 h6 26. g5 hxg5 27. Bxg5 Kd8
28. Bxf6+ Nxf6 29. Qh8+ Ke7 30. Qxa8 Bxa8 31. Nd2 Nd7 32. Kf2 Ra3 33. Rg1 Kf6
34. Nb1 Ra5 35. Nc3 Bc6 36. Ke3 Ra3 37. Nd5+ Bxd5 38. cxd5 g6 39. fxg6 fxg6 40.
h3 Kg7 41. Rb1 Kh6 42. Rf1 Kg7 43. Kd2 Nc5 44. Rb1 Nd7 45. Rf1 Nc5 46. Rb1 Nd7
1/2-1/2

[Event "Cup of Lviv-2017 (A) Bank Lviv - open"]
[Site "Lviv"]
[Date "2017.05.09"]
[Round "12.12"]
[White "Kovalev, Denis"]
[Black "Okhotnik, Vladimir"]
[Result "1-0"]
[WhiteElo "2461"]
[BlackElo "2392"]
[PlyCount "99"]
[EventDate "2017.05.08"]
[EventType "swiss (rapid)"]
[EventRounds "13"]
[EventCountry "UKR"]

1. Nf3 Nf6 2. c4 Nc6 3. d4 e6 4. Nc3 Bb4 5. Bd2 d5 6. e3 O-O 7. Rc1 h6 8. a3
Bxc3 9. Bxc3 Ne4 10. Qc2 f5 11. Bd3 a5 12. b3 Bd7 13. O-O Be8 14. Bb2 Bh5 15.
cxd5 exd5 16. Bb5 Bxf3 17. gxf3 Ng5 18. f4 Nf3+ 19. Kg2 Nh4+ 20. Kh1 Rf6 21.
Rg1 Qe7 22. Bd3 Raf8 23. Rg3 Qf7 24. Rcg1 Rg6 25. Rxg6 Nxg6 26. Bxf5 Nh4 27.
Bd3 Nd8 28. Qe2 Nf5 29. Qg4 Ne6 30. Qg6 Qxg6 31. Rxg6 Nd8 32. Bc3 b6 33. Rg1
Nd6 34. Kg2 Kf7 35. f3 Ne6 36. Kf2 c5 37. dxc5 bxc5 38. Be5 Ne8 39. Bg6+ Ke7
40. Rc1 d4 41. f5 dxe3+ 42. Kxe3 Nd4 43. Rxc5 Nxf5+ 44. Bxf5 Rxf5 45. Rxa5 Ke6
46. f4 Rh5 47. Ra6+ Kd5 48. Ra8 Nf6 49. Bxf6 gxf6 50. Ra5+ 1-0